000 00527nam a2200193Ia 4500
008 131103s9999 xx 000 0 und d
040 _aLoreto College
041 _aEnglish
082 _a821.308/CRU
_bLCLIB
100 _aCruse,Amy
245 4 _aThe Elizabethan lyrrists and their poetry
_cAmy Cruse
260 _aLondon
_bGeorge G.Harrap & Company
_c1914
300 _a146 p.
_c 17 cm.
504 _aIncludes glossary
650 _aEnglish Poetry
651 _a16th Century - Lyrists
850 _aLCLIB
942 _cBK
999 _c13324
_d63803